<?xml version="1.0" encoding="UTF-8"?><?xml-stylesheet type="text/xsl" href="static/style.xsl"?><OAI-PMH xmlns="http://www.openarchives.org/OAI/2.0/" xmlns:xsi="http://www.w3.org/2001/XMLSchema-instance" xsi:schemaLocation="http://www.openarchives.org/OAI/2.0/ http://www.openarchives.org/OAI/2.0/OAI-PMH.xsd"><responseDate>2026-06-02T11:09:02Z</responseDate><request verb="GetRecord" identifier="oai:riuma.uma.es:10630/30610" metadataPrefix="marc">https://riuma.uma.es/rest/oai/request</request><GetRecord><record><header><identifier>oai:riuma.uma.es:10630/30610</identifier><datestamp>2026-02-03T10:25:53Z</datestamp><setSpec>com_10630_1685</setSpec><setSpec>col_10630_38055</setSpec></header><metadata><record xmlns="http://www.loc.gov/MARC21/slim" xmlns:dcterms="http://purl.org/dc/terms/" xmlns:doc="http://www.lyncode.com/xoai" xmlns:xsi="http://www.w3.org/2001/XMLSchema-instance" xsi:schemaLocation="http://www.loc.gov/MARC21/slim http://www.loc.gov/standards/marcxml/schema/MARC21slim.xsd">
   <leader>00925njm 22002777a 4500</leader>
   <datafield ind2=" " ind1=" " tag="042">
      <subfield code="a">dc</subfield>
   </datafield>
   <datafield ind2=" " ind1=" " tag="720">
      <subfield code="a">Sánchez Pando, María</subfield>
      <subfield code="e">author</subfield>
   </datafield>
   <datafield ind2=" " ind1=" " tag="260">
      <subfield code="c">2024</subfield>
   </datafield>
   <datafield ind2=" " ind1=" " tag="520">
      <subfield code="a">El coronavirus 2 del síndrome respiratorio agudo severo (SARS-CoV-2) es un virus RNA que existe en sus hospedadores como variantes virícas denominados cuasiespecies, cuya media se denomina secuencia consenso. La identificación y el estudio de mutaciones de las secuencias consenso ha permitido el seguimiento epidemiológico del virus, y ha asistido al desarrollo de vacunas. Sin embargo, las mutaciones menos frecuentes, no representadas en las secuencias consenso pero sí en las cuasiespecies, pueden ser determinantes en la evolución, emergencia y patología del virus, así como en el desarrollo de tratamientos antivirales. Los estudios de cuasiespecies de SARS-CoV-2 a partir de datos de secuenciación masiva de genoma completo han sido muy escasos. Por ello, en mi Trabajo de Fin de Grado he realizado un estudio de las cuasiespecies de genoma completo a partir de muestras procedentes de un proyecto centrado en el desarrollo de una terapia antiviral de combinación con péptidos inhibidores de proteínas virales y mutagénesis letal contra SARS-CoV-2. Las muestras se amplificaron por RT-PCR mediante amplicones solapantes y se secuenciaron por secuenciación masiva (NGS), por Ilumina. Mediante el flujo de trabajo QuasiFlow, se analizó la complejidad y heterogeneidad de las cuasiespecies en cada muestra para entender el efecto de los antivirales en la estructura genética de las cuasiespecies. Los análisis bioinformáticos revelaron que el análogo y los péptidos, por separado y en combinación, aumentaron la variabilidad y heterogeneidad genética en las cuasiespecies. Sin embargo, las secuencias consenso por lo general permanecieron invariables, salvo en ciertas muestras donde se observaron mutaciones en el externo 5’ y en la ORF1a. Estos resultados resaltaron la relevancia de estudiar los cambios a nivel de cuasiespecies,...</subfield>
   </datafield>
   <datafield ind1="8" ind2=" " tag="024">
      <subfield code="a">https://hdl.handle.net/10630/30610</subfield>
   </datafield>
   <datafield tag="653" ind2=" " ind1=" ">
      <subfield code="a">Análisis de datos</subfield>
   </datafield>
   <datafield tag="653" ind2=" " ind1=" ">
      <subfield code="a">Bioinformática</subfield>
   </datafield>
   <datafield tag="653" ind2=" " ind1=" ">
      <subfield code="a">Grado en Ingeniería de la Salud - Trabajos Fin de Grado</subfield>
   </datafield>
   <datafield tag="653" ind2=" " ind1=" ">
      <subfield code="a">E.T.S.I. Informática - Trabajos Fin de Grado</subfield>
   </datafield>
   <datafield tag="653" ind2=" " ind1=" ">
      <subfield code="a">COVID-19 - Proceso de datos</subfield>
   </datafield>
   <datafield tag="653" ind2=" " ind1=" ">
      <subfield code="a">Genómica - Proceso de datos</subfield>
   </datafield>
   <datafield ind2="0" ind1="0" tag="245">
      <subfield code="a">Análisis de genomas completos de espectros de mutantes de Sars-CoV-2  a partir de datos de secuenciación masiva.</subfield>
   </datafield>
</record>
</metadata></record></GetRecord></OAI-PMH>